00471nam a2200181 a 450000100060000000300090000600800410001502000150005604000280007108200090009910000120010824500260012026000370014630000100018349000280019365000360022165000320025719363CO-ViMGA141112s2004 ck r 000 u spa d a8426114040 aCO-ViMGAbspacCO-ViMGA04aHERv1 aHerge, 10aVuelo 714 para Sidney aBarcelona : bEd. Juventud; 1999 a62 p. aLas Aventuras de Tintin14aCUENTOS INFANTILES DE AVENTURAS14aTIRAS COMICAS - HISTORIETAS